Epistolario selectivo de Fernando de los Ríos Urruti / (Record no. 189393)

MARC details
000 -LEADER
campo de control de longitud fija 01358nam a2200289 i 4500
001 - NÚMERO DE CONTROL
campo de control 189393
003 - IDENTIFICADOR DE NÚMERO DE CONTROL
campo de control SpMaBN
005 - FECHA Y HORA DE LA ÚLTIMA TRANSACCIÓN
campo de control 20231227134113.0
008 - DATOS DE LONGITUD FIJA--INFORMACIÓN GENERAL
campo de control de longitud fija 190529m19931997sp |||| |dspa d
020 ## - NÚMERO INTERNACIONAL ESTÁNDAR DEL LIBRO
Número Internacional Estándar del Libro 84-604-7010-5
080 ## - NÚMERO DE LA CLASIFICACIÓN DECIMAL UNIVERSAL
Número de la Clasificación Decimal Universal 929 Ríos Urruti, Fernando de los
100 1# - ENTRADA PRINCIPAL--NOMBRE DE PERSONA
Nombre de persona Ríos, Fernando de los,
Fechas asociadas al nombre 1879-1949
9 (RLIN) 97398
245 10 - MENCIÓN DEL TÍTULO
Título Epistolario selectivo de Fernando de los Ríos Urruti /
Mención de responsabilidad, etc. Concepción Serrano Alcaide, Manuel J. Peláez, María E. Gómez Rojo.
260 ## - PUBLICACIÓN, DISTRIBUCIÓN, ETC.
Lugar de publicación, distribución, etc. Málaga :
Nombre del editor, distribuidor, etc. Cátedra de Historia del Derecho y de las Instituciones ;
Lugar de publicación, distribución, etc. Montreal :
Nombre del editor, distribuidor, etc. Institut pour la Culture et la Coopération,
Fecha de publicación, distribución, etc. 1993-1997.
300 ## - DESCRIPCIÓN FÍSICA
Extensión 3 v. ;
Dimensiones 22 cm.
504 ## - NOTA DE BIBLIOGRAFÍA, ETC.
Nota de bibliografía, etc. Referencias bibliográficas.
505 8# - NOTA DE CONTENIDO CON FORMATO
Nota de contenido con formato El v. 3 contiene: ;
Título La filosofía política en Platón: tesis doctoral, Facultad de Derecho /
Mención de responsabilidad por Fernando del Río Urruti (p. 97-163)
600 14 - PUNTO DE ACCESO ADICIONAL DE MATERIA--NOMBRE DE PERSONA
Nombre de persona Ríos, Fernando de los,
Fechas asociadas al nombre 1879-1949-
Subdivisión de forma Correspondencia
9 (RLIN) 97399
600 04 - PUNTO DE ACCESO ADICIONAL DE MATERIA--NOMBRE DE PERSONA
Nombre de persona Platón-
Subdivisión general Crítica e interpretación.
9 (RLIN) 92599
700 1# - ENTRADA AGREGADA--NOMBRE PERSONAL
Nombre de persona Serrano Alcaide, Concepción.
9 (RLIN) 105727
700 1# - ENTRADA AGREGADA--NOMBRE PERSONAL
Nombre de persona Peláez, Manuel J.
9 (RLIN) 130966
700 1# - ENTRADA AGREGADA--NOMBRE PERSONAL
Nombre de persona Gómez Rojo, María E.
9 (RLIN) 58143
710 2# - ENTRADA AGREGADA--NOMBRE DE ENTIDAD CORPORATIVA
Nombre de entidad corporativa o nombre de jurisdicción como elemento de entrada Universidad de Málaga.
Unidad subordinada Cátedra de Historia del Derecho y de las Instituciones.
9 (RLIN) 162592
740 32 - ENTRADA AGREGADA--TÍTULO RELACIONADO/ANALÍTICO NO CONTROLADO
Título relacionado o analítico no controlado La filosofía política en Platón.
852 ## - LOCALIZACIÓN
Ubicación ES-MaACL
Número de control de estantería L-32398-400
Holdings
Estatus retirado Estado de pérdida Estado de daño No para préstamo Biblioteca de origen Biblioteca actual Ubicación en estantería Fecha de adquisición Fuente de adquisición Total de préstamos Signatura topográfica completa Código de barras Visto por última vez Precio de reemplazo Tipo de ítem Koha
        Biblioteca del Ateneo de Madrid Biblioteca del Ateneo de Madrid Depósito 2 29/05/2019     L-32398-400 1200664 23/02/2023 23/02/2023 Libro impreso